Scripta bioethica
Record details
- ISSN: 1213-2977
- Physical Description: ^^^sv. ; 24 cm
- Publisher: Brno : Hippokrates, 1990-2008
Content descriptions
| General Note: | Vydáno ve spolupráci s Kolegiem katolických lékařů v Brně Od roku 2004 název Bioetika - Scripta bioethica |
Search for related items by subject
| Subject: | lékařství > etické aspekty |
| Genre: | odborné časopisy |
Available copies
- 23 of 23 copies available at Common Catalog SPOK.
Holds
- 0 current holds with 23 total copies.
Show Only Available Copies
| Location | Call Number / Copy Notes | Part | Barcode | Shelving Location | Status | Due Date |
|---|---|---|---|---|---|---|
| Hospic Dobrého Pastýře | PA
Tematická katagorie: Odborná - paliativní péče (PA) |
Roč 4, 2004, č. 2 | 204595701723 | Skříň ve 2. patře (SKŘ) | Available | - |
| Hospic Dobrého Pastýře | PA
Tematická katagorie: Odborná - paliativní péče (PA) |
Roč 5, 2005, č. 3-4 | 204595701719 | Skříň ve 2. patře (SKŘ) | Available | - |
| Hospic Dobrého Pastýře | PA
Tematická katagorie: Odborná - paliativní péče (PA) |
Roč. 6, 2006, č. 4 | 204595701718 | Skříň ve 2. patře (SKŘ) | Available | - |
| Jabok Library | PER ScrBi 2002/1 | 424480032449 | Periodika | Available | - | |
| Jabok Library | PER ScrBi 2002/2 | 424480032450 | Periodika | Available | - | |
| Jabok Library | PER ScrBi 2002/3 | 424480020492 | Periodika | Available | - | |
| Jabok Library | PER ScrBi 2002/3 | 424480032451 | Periodika | Available | - | |
| Jabok Library | PER ScrBi 2002/4 | 424480032448 | Periodika | Available | - | |
| Jabok Library | PER ScrBi 2003/1 | 424480032445 | Periodika | Available | - | |
| Jabok Library | PER ScrBi 2003/2-3 | 424480032446 | Periodika | Available | - |
| LDR | 00394nas a22 a 4500 | ||
|---|---|---|---|
| 001 | 11361 | ||
| 003 | CZ-PrJAB | ||
| 005 | 20201207103613.0 | ||
| 008 | 011129d19902008xr qr p u 0cze | ||
| 015 | . | ‡acnb001033419 | |
| 022 | . | ‡a1213-2977 | |
| 040 | . | ‡aABA001 ‡bcze | |
| 043 | . | ‡ae-xr--- ‡be-xr-jm ‡2czenas | |
| 072 | 7. | ‡a17 ‡xEtika. Morální filozofie ‡2Konspekt ‡95 | |
| 080 | . | ‡a61 ‡2MRF-sel | |
| 080 | . | ‡a17 ‡2MRF-sel | |
| 080 | . | ‡a050 ‡2MRF-sel | |
| 245 | 0 | 0. | ‡aScripta bioethica |
| 246 | 3 | 3. | ‡aBioetika - Scripta Bioethica |
| 246 | 3 | . | ‡aBioetica : ‡bscripta bioethica |
| 246 | 3 | 3. | ‡aBioethica |
| 246 | 1 | 3. | ‡aBioetika |
| 246 | 1 | 3. | ‡aBioetika - Scripta bioethica |
| 246 | 3 | 3. | ‡aBioetica |
| 246 | 3 | 3. | ‡aBioetika |
| 246 | 3 | 3. | ‡aBioetika - scripta bioethica |
| 260 | . | ‡aBrno : ‡bHippokrates, ‡c1990-2008 | |
| 300 | . | ‡a^^^sv. ; ‡c24 cm | |
| 310 | . | ‡a4x ročně | |
| 362 | 0 | . | ‡aRoč. 1, č. 1 (1990)-roč. 8, č. 3 (2008) |
| 500 | . | ‡aVydáno ve spolupráci s Kolegiem katolických lékařů v Brně | |
| 500 | . | ‡aOd roku 2004 název Bioetika - Scripta bioethica | |
| 650 | 0 | 7. | ‡alékařství ‡7ph115195 ‡xetické aspekty ‡2czenas |
| 655 | 7. | ‡aodborné časopisy ‡7fd132951 ‡2czenas | |
| 710 | 2 | . | ‡aKolegium katolických lékařů Brno ‡7ko2004264196 |
| 910 | . | ‡aABG312 | |
| 901 | . | ‡a11361 ‡bCZ-PrJAB ‡c11361 ‡tbiblio | |